000 00662nam a2200193 i 4500
001 47243
003 ES-MaACL
005 20230906161527.0
007 t|
008 030404s1976 sp |||| | spa d
100 1 _aCook, Teresa A.
_940357
245 1 3 _aEl feminismo en la novela de la condesa de Pardo Bazán /
_cTeresa A. Cook.
260 _aLa Coruña :
_bDiputación Provincial,
_c[1976]
300 _a193 p. ;
_c22 cm.
600 1 4 _aPardo Bazán, Emilia,
_cCondesa de,
_d1851-1921-
_xCrítica e interpretación
_988986
710 1 _aLa Coruña (Provincia).
_bDiputación Provincial.
_95455
852 _aES-MaACL
_jA-6902
999 _c47243
_d47243